| 000 | 00649nam a2200205Ia 4500 | ||
|---|---|---|---|
| 005 | 20250507130135.0 | ||
| 008 | 008 250505s9999 xx 000 0 eng d | ||
| 037 | _aDIS | ||
| 040 |
_aEASL _beng _cEASL |
||
| 041 |
_aeng _2eng |
||
| 084 |
_a0000074, VER _qEASL |
||
| 100 | _aVerma Samir Kumar | ||
| 245 | 0 | _aDeng's reform and corruption in China: A preliminary analysis K.P. Gupta | |
| 260 |
_aIndia _bDelhi University. Social Sciences. Chinese & Japanese Studies _c1992 |
||
| 300 | _a113p. | ||
| 546 | _aBoth Acc. Nos. are of same dissertation | ||
| 650 | _aDiss | ||
| 942 |
_cDIS _h0000074, VER |
||
| 999 |
_c1317948 _d1317948 |
||